000 01474nam a2200277Ia 4500
999 _c39611
_d39611
001 6211
003 GE_BSU
005 20190428225935.0
008 181216s1983||||ge |||||||||||||| ||geo||
040 _cGE_BSU
041 _ageo
080 _a624.15(075.32) დ-77
100 _aდოროშკევიჩი, ნ.
_9518
245 _aფუძეები და საძირკვლები :
_bსახელმძღვ. /
_cნ. დოროშკევიჩი, გ. კლეინი, პ. სმირენკინი ; მთარგმნ. ნ.ჯაფარიძე, ვ.კაკაბაძე ; რედ. პ.ლაბარტყავა.
250 _aთარგმანი გადამუშ. მე-4 რუსული გამოც-დან.
264 _aთბილისი :
_bგანათლება
_c1983.
300 _a292გვ.:
_bილ. ;
_c22 სმ.
504 _aბიბლიოგრ. : გვ. 289-290.
653 _aფუძეები და საძირკვლები
700 _aკლეინი. გ.
_eავტორი
_9519
700 _aსმირენკინი, პ.
_eავტორი
_9520
700 _aჯაფარიძე,ნ.
_eმთარგმნელი
_9521
700 _aკაკაბაძე, ვ.
_eმთარგმნელი
_9522
700 _aლაბარტყავა, პ.
_eრედაქტორი
_9523
942 _cBK
_2udc